[Event "European Rapid 2017"]
[Site "Katowice POL"]
[Date "2017.12.16"]
[Round "6.45"]
[White "Vavulin, Maksim"]
[Black "Kastelic, Marian"]
[Result "1-0"]
[WhiteTitle "IM"]
[BlackTitle "FM"]
[WhiteElo "2575"]
[BlackElo "2255"]
[WhiteFideId "4169530"]
[BlackFideId "14602245"]
[EventDate "2017.12.16"]

1. e4 e5 2. Nf3 Nc6 3. d4 exd4 4. Nxd4 Bc5 5. Nb3 Bb6 6. Nc3 Nf6 7. Qe2 d6 8.
Bg5 h6 9. Bh4 g5 10. Bg3 Be6 11. Nd5 Ng4 12. h4 Rg8 13. O-O-O Nge5 14. hxg5 hxg5
15. Rh6 Ng6 16. Qb5 Kf8 17. Be2 Nce5 18. Nxb6 axb6 19. a3 Bxb3 20. Qxb3 Qe7 21.
Qe3 Kg7 22. Rh5 f6 23. f4 gxf4 24. Bxf4 Nxf4 25. Qxf4 Nf7 26. Bc4 Rh8 27. Bxf7
Qxf7 28. Rf5 Rh6 29. g4 Qe6 30. Rf1 Rg6 31. g5 Rf8 32. Qf3 Rf7 33. Qc3 Qxe4 34.
gxf6+ Kg8 35. Kb1 Qe6 36. R5f4 Qe5 37. Qb3 d5 38. Rf5 Qe6 39. Rxd5 Rfxf6 40.
Rxf6 Rxf6 41. Rd8+ Kf7 42. Rd7+ Ke8 43. Qxe6+ Rxe6 44. Rxc7 Re7 45. Rxe7+ Kxe7
46. Ka2 Kd6 47. Kb3 Kc5 48. Kc3 Kb5 49. Kd4 Kc6 50. Kc4 b5+ 51. Kb4 Kb6 52. b3
Kc6 53. Ka5 Kc5 54. c3 Kc6 55. b4 1-0

[Event "European Rapid 2017"]
[Site "Katowice POL"]
[Date "2017.12.16"]
[Round "6.46"]
[White "Semjonovs, Ilja"]
[Black "Brodowski, Piotr"]
[Result "0-1"]
[BlackTitle "IM"]
[WhiteElo "2233"]
[BlackElo "2430"]
[WhiteFideId "11604263"]
[BlackFideId "1124480"]
[EventDate "2017.12.16"]

1. e4 c5 2. Nf3 Nc6 3. b3 d6 4. Bb2 Bg4 5. Be2 e6 6. O-O Nf6 7. d3 Be7 8. Nbd2
O-O 9. c3 d5 10. e5 Nd7 11. d4 Qb6 12. h3 Bh5 13. a3 a5 14. Qc2 Rfc8 15. Qd3 c4
16. Qc2 Bg6 17. Qd1 cxb3 18. Qxb3 Qxb3 19. Nxb3 a4 20. Nbd2 Na5 21. Ne1 Nb6 22.
Nd3 Nbc4 23. Nxc4 Nxc4 24. Bc1 Na5 25. Bb2 Nb3 26. Ra2 Rc7 27. f3 Bg5 28. f4 Be7
29. Rd1 Rac8 30. Nb4 Rxc3 31. Bxc3 Rxc3 32. Kh2 Nc1 33. Bb5 Nxa2 34. Nxa2 Rxa3
35. Nc1 Ra1 0-1

[Event "European Rapid 2017"]
[Site "Katowice POL"]
[Date "2017.12.16"]
[Round "6.47"]
[White "Shkapenko, Pavel"]
[Black "Fudalej, Michal"]
[Result "1/2-1/2"]
[WhiteTitle "IM"]
[BlackTitle "FM"]
[WhiteElo "2431"]
[BlackElo "2209"]
[WhiteFideId "4151933"]
[BlackFideId "1118781"]
[EventDate "2017.12.16"]

1. e4 c6 2. d4 d5 3. e5 g6 4. Bd3 Bg7 5. h4 c5 6. c3 Nc6 7. Ne2 h5 8. Be3 Nh6 9.
Nd2 Bg4 10. f3 Be6 11. Nf4 Bf5 12. Bb5 cxd4 13. cxd4 Rc8 14. Rc1 O-O 15. Bxc6
Rxc6 16. Rxc6 bxc6 17. Nb3 Qb6 18. O-O Bxe5 19. Qd2 Bg7 20. Nxh5 gxh5 21. Bxh6
Bg6 22. Bxg7 Kxg7 23. Nc5 Re8 24. Re1 e6 25. b3 Qd8 26. Qf4 Qf6 27. Qxf6+ Kxf6
28. Nd7+ Ke7 29. Ne5 Kd6 30. Rc1 Rc8 31. Rc5 Rc7 32. a3 Bf5 33. g4 f6 34. Rxc6+
Rxc6 35. Nxc6 hxg4 36. fxg4 Bxg4 37. Nxa7 e5 38. b4 exd4 39. Kf2 f5 40. Nc8+ Ke5
41. b5 f4 42. Ne7 d3 43. b6 d2 44. b7 d1=Q 45. b8=Q+ Ke4 46. Qb4+ Ke5 47. Nc6+
Kf5 48. Qf8+ Ke4 49. Qe7+ Kd3 50. Ne5+ Kd4 51. Nc6+ Kd3 52. Ne5+ Ke4 1/2-1/2

[Event "European Rapid 2017"]
[Site "Katowice POL"]
[Date "2017.12.16"]
[Round "6.48"]
[White "Valeinis, Janis"]
[Black "Feuerstack, Aljoscha"]
[Result "0-1"]
[BlackTitle "IM"]
[WhiteElo "2227"]
[BlackElo "2438"]
[WhiteFideId "11601450"]
[BlackFideId "4681932"]
[EventDate "2017.12.16"]

1. Nf3 d5 2. g3 c6 3. Bg2 Bf5 4. O-O e6 5. d3 h6 6. c4 Nf6 7. b3 Bc5 8. Bb2 O-O
9. Nbd2 Nbd7 10. a3 a5 11. Ne5 Nxe5 12. Bxe5 Re8 13. Nf3 Ng4 14. Bd4 Bf8 15. h3
Nf6 16. Qc2 c5 17. Bb2 d4 18. Nd2 Ra7 19. Ne4 Nd7 20. b4 b6 21. Rfb1 e5 22. Bc1
axb4 23. axb4 Rxa1 24. Rxa1 cxb4 25. Bd2 Be6 26. g4 Nc5 27. Bxb4 Nxe4 28. Bxf8
Nxf2 29. Kxf2 Rxf8 30. Ra8 Qh4+ 31. Kg1 Rxa8 32. Bxa8 Qxh3 0-1

[Event "European Rapid 2017"]
[Site "Katowice POL"]
[Date "2017.12.16"]
[Round "6.49"]
[White "Dobrowolski, Piotr"]
[Black "Amores Gago, Javier"]
[Result "1-0"]
[WhiteTitle "IM"]
[WhiteElo "2421"]
[BlackElo "2139"]
[WhiteFideId "1106236"]
[BlackFideId "32004192"]
[EventDate "2017.12.16"]

1. e4 d5 2. exd5 Qxd5 3. Nc3 Qa5 4. d4 Nf6 5. Nf3 Bg4 6. h3 Bh5 7. g4 Bg6 8. Ne5
e6 9. h4 Nbd7 10. Nc4 Qa6 11. h5 Be4 12. Rh3 Bb4 13. Nd2 Qd6 14. Ncxe4 Nxe4 15.
c3 Nxd2 16. Qxd2 Ba5 17. Qg5 Bb6 18. Bf4 Qd5 19. Qxd5 exd5 20. Re3+ Kd8 21. h6
g6 22. O-O-O Re8 23. Rde1 Rxe3 24. Rxe3 Nf8 25. Bg5+ Kd7 26. Re7+ Kd6 27. Rxf7
Ne6 28. Be7+ Kc6 29. a4 a6 30. b4 Re8 31. Rxh7 Bxd4 32. cxd4 Nxd4 33. b5+ Kb6
34. Rf7 axb5 35. axb5 c6 36. h7 cxb5 37. Rf8 1-0

[Event "European Rapid 2017"]
[Site "Katowice POL"]
[Date "2017.12.16"]
[Round "6.50"]
[White "Flasinski, Michal"]
[Black "Sergeev, Vladimir"]
[Result "0-1"]
[BlackTitle "GM"]
[WhiteElo "2218"]
[BlackElo "2406"]
[WhiteFideId "1117238"]
[BlackFideId "14101076"]
[EventDate "2017.12.16"]

1. d4 Nf6 2. c4 d6 3. Nc3 g6 4. Nf3 Bg7 5. g3 O-O 6. Bg2 Bg4 7. O-O Nc6 8. Qd3
Nb4 9. Qd2 c5 10. d5 Qc8 11. a3 Na6 12. Re1 Nc7 13. e4 Bxf3 14. Bxf3 Nd7 15. Bg2
Rb8 16. Qe2 a6 17. a4 e6 18. Bh3 exd5 19. Nxd5 Nxd5 20. exd5 Qd8 21. Bxd7 Qxd7
22. Bf4 Rfe8 23. Qc2 Rxe1+ 24. Rxe1 b5 25. axb5 axb5 26. b3 h6 27. Qe4 g5 28.
Bd2 Be5 29. Kh1 bxc4 30. bxc4 Rb2 31. Qd3 Qa4 32. f4 Qa2 33. fxe5 Rxd2 34. Qf3
Rf2 35. Qh5 Qd2 36. Ra1 Qe3 37. Ra8+ Kg7 0-1

[Event "European Rapid 2017"]
[Site "Katowice POL"]
[Date "2017.12.16"]
[Round "6.51"]
[White "Kourousis, Epaminondas"]
[Black "Berzina, Ilze"]
[Result "1/2-1/2"]
[WhiteTitle "IM"]
[BlackTitle "WGM"]
[WhiteElo "2393"]
[BlackElo "2211"]
[WhiteFideId "4211626"]
[BlackFideId "11601345"]
[EventDate "2017.12.16"]

1. d4 d5 2. c4 c6 3. Nf3 Nf6 4. Qc2 g6 5. e3 Bg7 6. Be2 O-O 7. O-O b6 8. Nc3 Bf5
9. Qb3 Ne4 10. Nxe4 dxe4 11. Nd2 e5 12. dxe5 Bxe5 13. Rd1 Qc7 14. Nf1 Nd7 15.
Bd2 Nc5 16. Qc2 Rad8 17. Bc3 Nd3 18. Ng3 Rd7 19. Nxf5 Bxh2+ 20. Kf1 gxf5 21.
Bxd3 exd3 22. Rxd3 Rxd3 23. Qxd3 Be5 24. Qxf5 Bxc3 25. bxc3 Rd8 26. Qg4+ Kf8 27.
Rd1 Rxd1+ 28. Qxd1 Qe7 29. g3 Qa3 30. Qb3 Qc1+ 31. Kg2 c5 32. Qa4 Qxc3 33. Qxa7
Qxc4 34. Qxb6 Qd5+ 35. Kf1 Qd1+ 36. Kg2 Qd5+ 37. f3 Qxa2+ 38. Kg1 1/2-1/2

[Event "European Rapid 2017"]
[Site "Katowice POL"]
[Date "2017.12.16"]
[Round "6.53"]
[White "Kaleta, Blazej"]
[Black "Djuric, Stefan"]
[Result "1/2-1/2"]
[BlackTitle "GM"]
[WhiteElo "2110"]
[BlackElo "2383"]
[WhiteFideId "1170252"]
[BlackFideId "900133"]
[EventDate "2017.12.16"]

1. d4 Nf6 2. c4 g6 3. Nc3 Bg7 4. e4 O-O 5. Nf3 d6 6. h3 Nbd7 7. Bd3 e5 8. d5 c6
9. Bg5 h6 10. Be3 a6 11. Qd2 cxd5 12. cxd5 Kh7 13. g4 b5 14. b4 Nb6 15. a4 Nc4
16. Bxc4 bxc4 17. Qe2 Bd7 18. Qxc4 Rc8 19. Qd3 Qc7 20. Bd2 Qc4 21. Ke2 Qxb4 22.
Rhb1 Qc4 23. Qxc4 Rxc4 24. Kd3 Rfc8 25. Rb6 Rxc3+ 26. Bxc3 Nxe4 27. Bb2 Nc5+ 28.
Ke3 Nxa4 29. Rxd6 Bb5 30. Bxe5 Re8 31. Kd4 Bf8 32. Rf6 Bc5+ 33. Ke4 Nc3+ 34. Kf4
Nxd5+ 35. Kg3 Nxf6 36. Bxf6 Re2 37. Nd4 Bd6+ 38. Kf3 Re8 39. Nxb5 axb5 40. Ra7
Kg8 41. Rd7 Be5 42. Bxe5 Rxe5 43. Rb7 Kg7 44. Rb6 Rc5 45. Kg3 g5 46. h4 Rc3+ 47.
f3 Rb3 48. hxg5 hxg5 49. Kf2 Rb1 50. Ke3 f6 51. Kd3 Rb3+ 52. Ke4 Kg6 53. Rb8 Kf7
54. Rb7+ Kg6 55. Rb8 Rb1 56. Rg8+ Kf7 57. Rb8 b4 58. Kf5 Rf1 59. Rb7+ Ke8 60.
Kxf6 Rxf3+ 61. Kxg5 b3 62. Kg6 Kd8 63. g5 Kc8 64. Rb4 Kd7 65. Kh7 Rh3+ 66. Kg7
Kc6 67. g6 Kc5 68. Rb7 Kc4 69. Kf8 Rf3+ 70. Ke7 Rg3 71. Kf7 Kc3 72. g7 b2 73.
g8=Q Rxg8 74. Kxg8 Kc2 75. Rc7+ Kd2 76. Rd7+ Kc2 77. Rc7+ Kd2 78. Rb7 Kc2 79.
Kf7 b1=Q 80. Rxb1 Kxb1 1/2-1/2

[Event "European Rapid 2017"]
[Site "Katowice POL"]
[Date "2017.12.16"]
[Round "6.54"]
[White "Licznerski, Lukasz"]
[Black "Karas, Marek"]
[Result "1/2-1/2"]
[WhiteTitle "FM"]
[BlackTitle "FM"]
[WhiteElo "2267"]
[BlackElo "2240"]
[WhiteFideId "1179250"]
[BlackFideId "14928558"]
[EventDate "2017.12.16"]

1. e4 e6 2. d4 d5 3. Nd2 a6 4. Bd3 c5 5. dxc5 Bxc5 6. Ngf3 Ne7 7. O-O O-O 8. a3
Nbc6 9. b4 Bb6 10. Bb2 Ng6 11. exd5 exd5 12. Bxg6 hxg6 13. Nb3 Bf5 14. Nfd4 Qg5
15. Nxf5 Qxf5 16. Qd2 Rfd8 17. Rfe1 Rd7 18. Nc1 d4 19. Nd3 Re7 20. Rxe7 Nxe7 21.
Re1 Nc6 22. Qe2 a5 23. h3 axb4 24. axb4 Qb5 25. Qd2 Bc7 26. Re4 Bd6 27. c3 Qd5
28. Qe2 Rd8 29. cxd4 Nxb4 30. Nc5 Bxc5 31. dxc5 Qd1+ 32. Qxd1 Rxd1+ 33. Kh2 Nc6
34. Re8+ Kh7 35. Re3 Rd5 36. Rb3 Rf5 1/2-1/2

[Event "European Rapid 2017"]
[Site "Katowice POL"]
[Date "2017.12.16"]
[Round "6.55"]
[White "Piotrowski, Przemyslaw"]
[Black "Polivanov, Anatoliy"]
[Result "1/2-1/2"]
[BlackTitle "IM"]
[WhiteElo "2314"]
[BlackElo "2383"]
[WhiteFideId "1127063"]
[BlackFideId "14109468"]
[EventDate "2017.12.16"]

1. d4 d5 2. Nf3 Nf6 3. g3 c5 4. Bg2 cxd4 5. O-O e6 6. Nxd4 e5 7. Nb3 Be6 8. Nc3
Be7 9. Bg5 Nbd7 10. f4 exf4 11. gxf4 g6 12. Nxd5 Nxd5 13. Bxd5 Bxg5 14. Bxe6
fxe6 15. fxg5 Qxg5+ 16. Kh1 O-O-O 17. e4 Ne5 18. Qe2 Rhf8 19. Qb5 Nf3 20. Nc5
Qe7 21. Rad1 Rxd1 22. Rxd1 Qc7 23. e5 a6 24. Qc4 Ng5 25. Rd6 Re8 26. h4 Nf7 27.
Rxe6 Rd8 28. b3 Nxe5 29. Rxe5 Qxe5 30. Ne6+ Kd7 31. Nxd8 Kxd8 32. Qg8+ Qe8 33.
Qxh7 Qe4+ 34. Kg1 Qg4+ 35. Kf2 Qf4+ 36. Ke2 Qe4+ 1/2-1/2

[Event "European Rapid 2017"]
[Site "Katowice POL"]
[Date "2017.12.16"]
[Round "6.56"]
[White "Jahncke, Giso"]
[Black "Krainski, Aleksander"]
[Result "0-1"]
[WhiteTitle "FM"]
[BlackTitle "FM"]
[WhiteElo "2403"]
[BlackElo "2203"]
[WhiteFideId "24608289"]
[BlackFideId "1102400"]
[EventDate "2017.12.16"]

1. Nf3 d5 2. c4 e6 3. g3 Nf6 4. Bg2 g6 5. b3 Bg7 6. Bb2 O-O 7. O-O b6 8. cxd5
exd5 9. d4 Bb7 10. Ne5 Re8 11. Nd2 Nbd7 12. Ndf3 Ne4 13. Rc1 c5 14. Nxd7 Qxd7
15. Ne5 Qe7 16. f3 cxd4 17. Nc6 Bxc6 18. fxe4 Bb5 19. Rf4 Rad8 20. exd5 Qe3+ 21.
Kh1 Bxe2 22. Qe1 d3 23. Rxf7 Bxb2 24. d6 Qxc1 0-1

[Event "European Rapid 2017"]
[Site "Katowice POL"]
[Date "2017.12.16"]
[Round "6.57"]
[White "Konopka, Michal"]
[Black "Korolchuk, Nikolav"]
[Result "1-0"]
[WhiteTitle "IM"]
[WhiteElo "2381"]
[BlackElo "2226"]
[WhiteFideId "308633"]
[BlackFideId "13500961"]
[EventDate "2017.12.16"]

1. Nf3 d5 2. d4 Nf6 3. c4 e6 4. g3 c5 5. cxd5 exd5 6. Bg2 Nc6 7. O-O Be7 8. Be3
c4 9. b3 cxb3 10. Qxb3 O-O 11. Nbd2 h6 12. Ne5 Na5 13. Qd3 Ng4 14. Nxg4 Bxg4 15.
Rfc1 Bb4 16. Qb5 Bxd2 17. Bxd2 Nc4 18. Bb4 Re8 19. Qxd5 Be6 20. Qxd8 Raxd8 21.
d5 Bxd5 22. Bxd5 Rxd5 23. Rxc4 Rxe2 24. a3 a5 25. Rc5 Rxc5 26. Bxc5 Rc2 27. Bd4
Rc4 28. Be3 b5 29. Rb1 Rc3 30. Bc1 Rc5 31. Bd2 b4 32. axb4 axb4 33. Rxb4 Rc7 34.
Be3 f6 35. Kg2 Kh7 36. Ra4 h5 37. h3 Rb7 38. Bd4 Rd7 39. Be3 Rb7 40. Ra7 Rb4 41.
Bc5 Rb5 42. Bf8 Rg5 43. f4 Rg6 44. Kf3 Kg8 45. f5 Rg5 46. Rxg7+ Rxg7 47. Bxg7
Kxg7 48. Ke4 Kf7 49. Kd5 Ke7 50. Ke4 1-0

[Event "European Rapid 2017"]
[Site "Katowice POL"]
[Date "2017.12.16"]
[Round "6.58"]
[White "Maier, Christian"]
[Black "Bus, Konrad"]
[Result "1/2-1/2"]
[WhiteTitle "IM"]
[WhiteElo "2393"]
[BlackElo "2237"]
[WhiteFideId "4601955"]
[BlackFideId "1148362"]
[EventDate "2017.12.16"]

1. d4 Nf6 2. Nf3 e6 3. Bg5 c5 4. c3 b6 5. e3 Bb7 6. Nbd2 Be7 7. Bd3 O-O 8. O-O
cxd4 9. exd4 d6 10. Re1 Nbd7 11. Qe2 Re8 12. Nc4 Nf8 13. Rad1 Nd5 14. Bc1 Ng6
15. g3 b5 16. Ncd2 a6 17. Ne4 h6 18. h4 Nf6 19. Nxf6+ Bxf6 20. Be4 Bxe4 21. Qxe4
Ne7 22. Qg4 Kf8 23. Qe4 Qc7 24. Qh7 Ng8 25. g4 Qc6 26. Rd3 Qd5 27. g5 hxg5 28.
Bxg5 Qf5 29. Qxf5 exf5 30. Rde3 Rxe3 31. Rxe3 Bxg5 32. hxg5 Ne7 33. Nh4 g6 34.
Re1 Nd5 1/2-1/2

[Event "European Rapid 2017"]
[Site "Katowice POL"]
[Date "2017.12.16"]
[Round "6.59"]
[White "Zylka, Stanislaw"]
[Black "Sadzikowski, Daniel"]
[Result "1/2-1/2"]
[WhiteTitle "FM"]
[BlackTitle "GM"]
[WhiteElo "2336"]
[BlackElo "2584"]
[WhiteFideId "1189654"]
[BlackFideId "1132253"]
[EventDate "2017.12.16"]

1. d4 Nf6 2. Nf3 e6 3. g3 c5 4. Bg2 cxd4 5. O-O d5 6. Nxd4 e5 7. Nb3 Be7 8. f4
exf4 9. Bxf4 O-O 10. Nc3 Nc6 11. Nxd5 Nxd5 12. Qxd5 Qb6+ 13. Kh1 Be6 14. Qf3 a5
15. Be3 Qa6 16. Nc5 Bxc5 17. Bxc5 Rfd8 18. b3 Qb5 19. Qf2 a4 20. c4 Qa6 21. Rad1
Rxd1 22. Rxd1 axb3 23. axb3 Qa2 24. Qe3 Qb2 25. Kg1 h6 26. Be4 Ra1 27. Rxa1
Qxa1+ 28. Kg2 Qe5 29. Bxc6 Qxe3 30. Bxe3 bxc6 31. Kf3 Kf8 32. Bc5+ Ke8 33. Ke4
h5 34. Ke5 Kd7 35. Bf8 g6 36. e3 Kc7 37. Kd4 Bg4 38. b4 Be2 39. Kc5 Kb7 40. e4
Bd3 41. Kd4 Be2 42. Kc5 Bd3 43. Kd4 1/2-1/2

[Event "European Rapid 2017"]
[Site "Katowice POL"]
[Date "2017.12.16"]
[Round "6.60"]
[White "Sabuk, Piotr"]
[Black "Lupik, Marina"]
[Result "1-0"]
[WhiteTitle "IM"]
[BlackTitle "WIM"]
[WhiteElo "2382"]
[BlackElo "2190"]
[WhiteFideId "1137565"]
[BlackFideId "4177495"]
[EventDate "2017.12.16"]

1. d4 Nf6 2. c4 c5 3. d5 g6 4. Nc3 Bg7 5. e4 d6 6. h3 O-O 7. Nf3 Ne8 8. Bd3 Nd7
9. Bg5 h6 10. Be3 b6 11. Qd2 Kh7 12. h4 Ne5 13. Nxe5 dxe5 14. h5 g5 15. f3 Nd6
16. g4 f6 17. O-O Bd7 18. a3 Qc8 19. Qe2 a5 20. b3 Qc7 21. Rab1 Rfc8 22. Rfc1
Bf8 23. Rb2 Kg7 24. Nb1 Rcb8 25. Nd2 Qc8 26. Rcb1 e6 27. Bf2 Nf7 28. Nf1 Ra7 29.
Ne3 Rab7 30. Rd2 Bd6 31. Rbd1 Qc7 32. dxe6 Bxe6 33. Nd5 Qc8 34. Bc2 Be7 35. Kh1
Qe8 36. Rb1 Nd8 37. b4 axb4 38. axb4 Nc6 39. Ba4 Bd7 40. Nxe7 Qxe7 41. Bxc6 Bxc6
42. Rdb2 Qd6 43. Kg2 Qe7 44. Be3 Qc7 45. Qf2 cxb4 46. Rxb4 Be8 47. Bxb6 Qc6 48.
Qe3 Bf7 49. c5 Ra8 50. R4b2 Ra4 51. Rd1 Rd7 52. Rbd2 Ra2 53. Kg3 Raxd2 54. Rxd2
Rxd2 55. Qxd2 Qb5 56. Qd6 Qf1 57. c6 Qe1+ 58. Bf2 Qc1 59. Qd7 Qf4+ 60. Kg2 f5
61. exf5 e4 62. Qd4+ Kg8 63. Qxe4 Qd6 64. Bd4 Qa3 65. Qe5 Kf8 66. Bc5+ 1-0

[Event "European Rapid 2017"]
[Site "Katowice POL"]
[Date "2017.12.16"]
[Round "6.61"]
[White "Nowicki, Bartosz"]
[Black "Pultinevicius, Paulius"]
[Result "1/2-1/2"]
[BlackTitle "IM"]
[WhiteElo "2284"]
[BlackElo "2371"]
[WhiteFideId "1179730"]
[BlackFideId "12809390"]
[EventDate "2017.12.16"]

1. e4 e5 2. Nf3 Nc6 3. Bb5 a6 4. Ba4 Nf6 5. d3 d6 6. O-O g6 7. c3 Bg7 8. Re1 O-O
9. Nbd2 b5 10. Bc2 d5 11. exd5 Nxd5 12. Nb3 h6 13. d4 exd4 14. Nbxd4 Nxd4 15.
Nxd4 Bb7 16. Qg4 Re8 17. Bd2 c5 18. Rxe8+ Qxe8 19. Re1 Qf8 20. Nb3 Rd8 21. h3 c4
22. Nd4 Re8 23. Qd7 Rxe1+ 24. Bxe1 Qe7 25. Qxe7 Nxe7 26. f3 Bd5 27. Kf2 f5 28.
Bd2 h5 29. Bg5 Bxd4+ 30. cxd4 Nc6 31. Ke3 Kf7 32. a3 Ke6 33. g4 a5 34. gxf5+
gxf5 35. Bb1 b4 36. axb4 axb4 37. Bh4 f4+ 38. Kxf4 Nxd4 39. Be1 b3 40. Ke3 Nxf3
41. Bc3 Nh4 42. Kd4 Nf3+ 43. Kc5 Ng5 44. h4 Ne4+ 45. Bxe4 1/2-1/2

[Event "European Rapid 2017"]
[Site "Katowice POL"]
[Date "2017.12.16"]
[Round "6.62"]
[White "Zimina, Olga"]
[Black "Colls Gelaberto, Emili"]
[Result "0-1"]
[WhiteTitle "IM"]
[BlackTitle "CM"]
[WhiteElo "2415"]
[BlackElo "2093"]
[WhiteFideId "4132190"]
[BlackFideId "2209950"]
[EventDate "2017.12.16"]

1. Nf3 Nf6 2. c4 c5 3. Nc3 d5 4. cxd5 Nxd5 5. e3 Nc6 6. Bb5 Nb4 7. a3 Nd3+ 8.
Ke2 Nxc1+ 9. Rxc1 Bd7 10. d4 cxd4 11. Nxd4 Rc8 12. Nxc6 Bxc6 13. Qxd8+ Kxd8 14.
Rhd1+ Ke8 15. Bxc6+ Rxc6 16. Nb5 Rxc1 17. Rxc1 a6 18. Nc7+ Kd7 19. Nd5 e6 20.
Nb6+ Kd6 21. e4 g5 22. Nc4+ Ke7 23. Na5 b6 24. Nb7 Bg7 25. Rc7+ Kf6 26. Rc6 b5
27. Rxa6 Kg6 28. b4 Rc8 29. Kd2 Bb2 30. Nd6 Rd8 31. Kc2 Bxa3 32. Kb3 Bc1 33.
Nxb5 g4 34. Ra2 Bf4 35. h3 gxh3 36. gxh3 Rd3+ 37. Kc4 Rxh3 38. Nd4 h5 39. b5 Rh1
40. Ne2 Bd6 41. Rd2 Be7 42. Rd7 Bf8 43. Nc3 Bg7 44. b6 Bxc3 45. Kxc3 Rb1 46. b7
h4 47. Kc2 Rb6 48. Rc7 0-1

[Event "European Rapid 2017"]
[Site "Katowice POL"]
[Date "2017.12.16"]
[Round "6.63"]
[White "Rawicz, Karol"]
[Black "Lubczynski, Rafal"]
[Result "0-1"]
[WhiteTitle "FM"]
[BlackTitle "IM"]
[WhiteElo "2164"]
[BlackElo "2429"]
[WhiteFideId "1141791"]
[BlackFideId "1126091"]
[EventDate "2017.12.16"]

1. d4 Nf6 2. c4 c6 3. Nc3 d5 4. Nf3 a6 5. c5 Bf5 6. Bf4 Nbd7 7. g3 Nh5 8. Bd2
Qc7 9. Bg2 e5 10. Nxe5 Nxe5 11. dxe5 Qxe5 12. O-O Bxc5 13. e4 Bxe4 14. Nxe4 dxe4
15. Bc3 Qg5 16. Bxe4 O-O 17. Qc2 Kh8 18. Bxh7 Nxg3 19. Bd2 Ne2+ 20. Kh1 Qh5 21.
Be4 Bd6 22. f4 Ng3+ 23. Kg2 Nxf1 24. Rxf1 Rfe8 25. Rf3 Qg4+ 26. Kh1 Qe6 27. Bd3
Qd5 28. Kg2 b5 29. Bc3 Re3 0-1

[Event "European Rapid 2017"]
[Site "Katowice POL"]
[Date "2017.12.16"]
[Round "6.64"]
[White "Krzyzanowski, Marcin"]
[Black "Karpus, Michal"]
[Result "1-0"]
[WhiteTitle "IM"]
[BlackTitle "FM"]
[WhiteElo "2457"]
[BlackElo "2328"]
[WhiteFideId "1132199"]
[BlackFideId "1174088"]
[EventDate "2017.12.16"]

1. e4 e5 2. Nf3 Nc6 3. Bb5 a6 4. Ba4 Nf6 5. O-O Be7 6. Re1 b5 7. Bb3 d6 8. c3
O-O 9. h3 Na5 10. Bc2 c5 11. d4 Nd7 12. a4 exd4 13. axb5 axb5 14. cxd4 Bb7 15.
Nc3 b4 16. Nd5 Bxd5 17. exd5 Bf6 18. Bf4 Qb6 19. Ng5 Bxg5 20. Bxg5 cxd4 21. Qh5
g6 22. Qh6 Nb7 23. Rxa8 Rxa8 24. Re4 d3 25. Rh4 Ra1+ 26. Kh2 Qd4 27. Qxh7+ Kf8
28. Rxd4 1-0

[Event "European Rapid 2017"]
[Site "Katowice POL"]
[Date "2017.12.16"]
[Round "6.65"]
[White "Nestorenko, Dmitry"]
[Black "Ustianovich, Nazar"]
[Result "0-1"]
[BlackTitle "FM"]
[WhiteElo "2253"]
[BlackElo "2366"]
[WhiteFideId "14129728"]
[BlackFideId "14109778"]
[EventDate "2017.12.16"]

1. e4 c6 2. c4 d5 3. cxd5 cxd5 4. exd5 Nf6 5. Qa4+ Nbd7 6. Nc3 g6 7. Bc4 Bg7 8.
Nge2 O-O 9. d3 a6 10. Bf4 b5 11. Bxb5 Nb6 12. Qb3 axb5 13. d6 Be6 14. Qxb5 exd6
15. Qc6 Nfd5 16. Bxd6 Rc8 17. Bxf8 Rxc6 18. Bxg7 Kxg7 19. O-O Nxc3 20. Nxc3 Qxd3 0-1

[Event "European Rapid 2017"]
[Site "Katowice POL"]
[Date "2017.12.16"]
[Round "6.66"]
[White "Dzierzak, Radoslaw"]
[Black "Tate, Alan"]
[Result "1/2-1/2"]
[BlackTitle "FM"]
[WhiteElo "2237"]
[BlackElo "2358"]
[WhiteFideId "1161407"]
[BlackFideId "2401878"]
[EventDate "2017.12.16"]

1. e4 e5 2. Nf3 Nc6 3. Bb5 Nf6 4. Nc3 Bd6 5. O-O O-O 6. Re1 Re8 7. d3 Nd4 8. Bc4
c6 9. Bg5 b5 10. Bb3 a5 11. a3 Nxb3 12. cxb3 Bc7 13. d4 h6 14. Bh4 d6 15. Bxf6
Qxf6 16. d5 Bd7 17. dxc6 Bxc6 18. Nd5 Bxd5 19. Qxd5 Rab8 20. b4 axb4 21. axb4
Bb6 22. Red1 Rec8 23. Rac1 Rxc1 24. Rxc1 g5 25. h3 h5 26. Rc6 g4 27. hxg4 hxg4
28. Rxd6 Qf4 29. Rxb6 Rxb6 30. Qd8+ Kg7 31. Qxb6 gxf3 32. gxf3 1/2-1/2

[Event "European Rapid 2017"]
[Site "Katowice POL"]
[Date "2017.12.16"]
[Round "6.67"]
[White "Kindler, Przemyslaw"]
[Black "Rocha, Sergio"]
[Result "0-1"]
[BlackTitle "IM"]
[WhiteElo "2058"]
[BlackElo "2370"]
[WhiteFideId "1159542"]
[BlackFideId "1900404"]
[EventDate "2017.12.16"]

1. e4 c5 2. Nf3 Nc6 3. d3 g6 4. g3 Bg7 5. Bg2 e5 6. O-O Nge7 7. Be3 d6 8. Qd2
O-O 9. Bh6 f6 10. Bxg7 Kxg7 11. Nc3 Be6 12. Ne2 Qa5 13. c3 Rad8 14. a3 d5 15. b4
Qb6 16. bxc5 Qxc5 17. d4 Qc4 18. exd5 Bxd5 19. Qb2 e4 20. Ne1 g5 21. Nc1 f5 22.
Nc2 f4 23. Re1 e3 24. Nb4 Bxg2 25. Kxg2 fxg3 26. Kxg3 exf2 27. Ncd3 fxe1=Q+ 28.
Rxe1 Nf5+ 29. Kg2 Nh4+ 30. Kg3 Nxb4 31. Nxb4 Qc7+ 32. Re5 Ng6 33. Nd3 Rde8 34.
Kg2 Nxe5 35. Nxe5 Rxe5 36. dxe5 Qxe5 37. Qxb7+ Rf7 0-1

[Event "European Rapid 2017"]
[Site "Katowice POL"]
[Date "2017.12.16"]
[Round "6.68"]
[White "Szmyd, Arkadiusz"]
[Black "Vykouk, Jan"]
[Result "1/2-1/2"]
[BlackTitle "FM"]
[WhiteElo "2101"]
[BlackElo "2435"]
[WhiteFideId "1124730"]
[BlackFideId "349658"]
[EventDate "2017.12.16"]

1. e4 c5 2. Nf3 Nc6 3. d4 cxd4 4. Nxd4 Qb6 5. Nb3 Nf6 6. Nc3 e6 7. Bd2 a6 8. Qe2
Qc7 9. g3 d6 10. Bg2 b5 11. a3 Bb7 12. O-O Ne5 13. Rad1 Nc4 14. Bc1 Be7 15. Rfe1
O-O 16. a4 b4 17. Na2 a5 18. Nd4 Rac8 19. c3 bxc3 20. Nxc3 Qb8 21. Ndb5 Rfd8 22.
b3 Ne5 23. Ba3 Ba6 24. Qb2 Rc6 25. h3 Rdc8 26. Rd2 Nfd7 27. f4 Rxc3 28. Nxc3 Nd3
29. Rxd3 Bxd3 30. e5 Nc5 31. Bxc5 dxc5 32. Rc1 c4 33. Nb5 cxb3 34. Rxc8+ Qxc8
35. Qxb3 Qc1+ 36. Kh2 Qc2 37. Nd4 Qxb3 38. Nxb3 Bb4 39. Bc6 h6 40. Nd4 Bc5 41.
Bb5 Be4 42. Bc6 Bb1 43. Nb3 Bb6 44. Kg2 g5 45. fxg5 hxg5 46. Kf3 Bc2 47. Nd2
Bd1+ 48. Ke4 Bf2 49. g4 Bc2+ 50. Kf3 Bd4 51. Ne4 Bd1+ 52. Kg2 Be3 53. Be8 Kf8
54. Bc6 Kg7 55. Nd6 Bd4 56. Nc4 Bc3 57. Kf2 Bb3 58. Bb5 Bc2 59. Ke3 f6 60. exf6+
Kxf6 61. Nd6 Bb2 62. Nc4 Bc3 63. Nd6 Be5 64. Ne4+ Kg6 65. Bd3 Bf4+ 66. Ke2 Bxd3+
67. Kxd3 Kf7 68. Kc4 Ke7 69. Kb5 Kd7 70. Kxa5 Kc6 71. Kb4 Kd5 72. Nf6+ Kd4 73.
a5 Be3 74. a6 Ke5 75. Nd7+ Kd6 76. Nf6 Ke5 1/2-1/2